A treatise on roads (Record no. 113867)

MARC details
000 -LEADER
fixed length control field 00764cam a22001815a 4500
001 - CONTROL NUMBER
control field L155843
008 - FIXED-LENGTH DATA ELEMENTS--GENERAL INFORMATION
fixed length control field 120418s1833 xxk f 000 0 eng d
035 ## - SYSTEM CONTROL NUMBER
System control number (Sirsi) u155843
041 0# - LANGUAGE CODE
Language code of text/sound track or separate title eng
100 1# - MAIN ENTRY--PERSONAL NAME
Personal name Parnell, Henry
Titles and words associated with a name Sir
Dates associated with a name 1776-1842
245 02 - TITLE STATEMENT
Title A treatise on roads
Remainder of title wherein the principles on which roads should be made are explained and illustrated, by the plans, specifications, and contracts made use of by Thomas Telford, Esq. on the Holyhead road
260 ## - PUBLICATION, DISTRIBUTION, ETC.
Place of publication, distribution, etc. London
Name of publisher, distributor, etc. Printed for Longman, Rees, Orme, Brown, Green & Longman
Date of publication, distribution, etc. 1833
300 ## - PHYSICAL DESCRIPTION
Extent xii, 438 p., [7] folded leaves of plates
Other physical details ill.
Dimensions 23 cm.
583 ## - ACTION NOTE
Action Condition reviewed
Time/date of action 20120620
Status condition level 1
651 #4 - SUBJECT ADDED ENTRY--GEOGRAPHIC NAME
Geographic name Great Britain
Chronological subdivision 1707-
690 ## - LOCAL SUBJECT ADDED ENTRY--TOPICAL TERM (OCLC, RLIN)
Topical term or geographic name as entry element Infrastructure
9 (RLIN) 6246
942 ## - ADDED ENTRY ELEMENTS (KOHA)
Suppress in OPAC 0
Holdings
Withdrawn status Lost status Damaged status Not for loan Home library Current library Shelving location Date acquired Total Checkouts Full call number Barcode Date last seen Copy number Price effective from Koha item type
        Historic collection Historic collection Historic collection 18/04/2012   INFRASTRUCTURE OCTAVO 1833 PARNELL 30076746 27/08/2025 1 06/08/2019 Book